000 00739nam a2200193 a 4500
003 0
005 20250415145053.0
008 060729s19uu xx 00 eng d
050 _aPHS JF 1525.C66
_b.H83 2006
100 _aHwang, Molo.
245 _aA Comparative study on the level of awareness of Koreans and Japanese on how corruption contributes to Philippine poverty /
_cMolo Hwang.
260 _aLas PiƱas City, Philippines :
_bSouthville International School and Colleges,
_c2006.
300 _a25 pages ;
_c28 cm.
504 _aIncludes bibliographical references.
650 _aPolitical corruption
_xEconomic aspects
_zPhilippines.
650 _aCorruption
_zPhilippines.
650 _aPoverty
_zPhilippines.
942 _2lcc
_cPASS
999 _c97614
_d97614